| 000 | 00436nam a2200205Ia 4500 | ||
|---|---|---|---|
| 001 | 11772 | ||
| 003 | GE_BSU | ||
| 008 | 181216s||||||||xx |||||||||||||| ||und|| | ||
| 020 | _a9780752828890 | ||
| 040 | _cGE_BSU | ||
| 080 | _a821.111-32 | ||
| 100 | _aHarri,Lilian | ||
| 245 | 2 | _aA Promise to keep. | |
| 260 | _aLondon | ||
| 260 | _bOrion | ||
| 260 | _c2003 | ||
| 300 | _a400p.18cm. | ||
| 653 | _aA Promise to keep. | ||
| 942 | _cBK | ||
| 999 |
_c44951 _d44951 |
||